Sports Quiz

Random Sports or City Quiz

Superbowl locations Quiz Stats

 Plays Quiz not verified by Sporcle

Challenge
Share
Tweet
Embed
Score 0/43 Timer 10:00
0 Plays Today
Year City/Location % Correct
1969Miami
74.1%
1967Los Angeles
72.8%
1968Miami
69.1%
2007Miami
67.9%
2006Detroit
61.7%
1971Miami
59.3%
1970New Orleans
56.8%
1973Los Angeles
54.3%
2002New Orleans
54.3%
1972New Orleans
51.9%
1976Miami
51.9%
2005Jacksonville
51.9%
1979Miami
50.6%
1997New Orleans
50.6%
2004Houston
50.6%
2009Tampa
50.6%
1975New Orleans
48.1%
1978New Orleans
48.1%
1991Tampa
48.1%
2008Glendale
48.1%
1986New Orleans
46.9%
1989Miami
46.9%
Year City/Location % Correct
1981New Orleans
45.7%
1999Miami
45.7%
2003San Diego
45.7%
1974Houston
44.4%
1995Miami
43.2%
2001Tampa
43.2%
1990New Orleans
42%
1998San Diego
42%
2000Atlanta
40.7%
1988San Diego
38.3%
1992Minneapolis
34.6%
1980Pasadena
33.3%
1984Tampa
33.3%
1987Pasadena
33.3%
1994Atlanta
33.3%
1993Pasadena
32.1%
1977Pasadena
30.9%
1983Pasadena
29.6%
1996Tempe
28.4%
1982Pontiac
22.2%
1985Stanford
18.5%

You're not logged in!

Compare scores with friends on all Sporcle quizzes.
OR
Log In

You Might Also Like...

Show Comments

Extras

Top Quizzes Today


Score Distribution

Your Account Isn't Verified!

In order to create a playlist on Sporcle, you need to verify the email address you used during registration. Go to your Sporcle Settings to finish the process.

Report this User

Report this user for behavior that violates our Community Guidelines.

Details: